Graminicolous ascochyta species. (Record no. 36688)

MARC details
000 -LEADER
fixed length control field 00382nam a2200133Ia 4500
082 ## - DEWEY DECIMAL CLASSIFICATION NUMBER
Classification number 582.28
Item number PUN
100 ## - MAIN ENTRY--AUTHOR NAME
Personal name PUNITHALINGAM, E
245 #0 - TITLE STATEMENT
Title Graminicolous ascochyta species.
260 ## - PUBLICATION, DISTRIBUTION, ETC. (IMPRINT)
Place of publication England
Name of publisher Commonwealth Mycological Institute
Year of publication 1979
490 ## - SERIES STATEMENT
Series statement Mycolgical papers; 142
650 ## - SUBJECT ADDED ENTRY--TOPICAL TERM
Topical Term Graminicolous ascochyta
942 ## - ADDED ENTRY ELEMENTS (KOHA)
Koha item type Books
Holdings
Withdrawn status Lost status Damaged status Not for loan Home library Current library Date acquired Full call number Accession Number Koha item type
        RRII Library RRII Library 16/12/2021 582.28 PUN 17088 Books